[Event "BOL-ch"]
[Site "Santa Cruz"]
[Date "2025.04.05"]
[Round "8"]
[White "Zambrana, Oswaldo"]
[Black "Gemy Vargas, Jose Daniel"]
[Result "1/2-1/2"]
[WhiteElo "2384"]
[BlackElo "2328"]
[PlyCount "20"]
[EventDate "2025.04.01"]
[EventType "tourn"]
[EventRounds "9"]
[EventCountry "BOL"]
[SourceTitle "CB18_2025"]
[SourceDate "2025.04.30"]
[SourceVersion "1"]
[SourceVersionDate "2025.04.30"]
[SourceQuality "1"]

1. e4 e5 2. Nf3 Nc6 3. Bc4 Bc5 4. 0-0 Nf6 5. d3 a6 6. a4 d6 7. c3 Ba7 8. Be3 0-0 9. Nbd2 Be6 10. Bxe6 fxe6 1/2-1/2

[Event "BOL-ch"]
[Site "Santa Cruz"]
[Date "2025.04.03"]
[Round "4"]
[White "Zambrana, Oswaldo"]
[Black "Ticona Rocabado, Licael Roderick"]
[Result "0-1"]
[WhiteElo "2384"]
[BlackElo "2353"]
[PlyCount "100"]
[EventDate "2025.04.01"]
[EventType "tourn"]
[EventRounds "9"]
[EventCountry "BOL"]
[SourceTitle "CB18_2025"]
[SourceDate "2025.04.30"]
[SourceVersion "1"]
[SourceVersionDate "2025.04.30"]
[SourceQuality "1"]

1. e4 e5 2. Nf3 Nc6 3. Bc4 Bc5 4. 0-0 Nf6 5. d3 0-0 6. c3 d6 7. Re1 h6 8. Nbd2 a6 9. a4 Be6 10. Bxe6 fxe6 11. Nb3 Ba7 12. Be3 Bxe3 13. Rxe3 Qd7 14. d4 Rf7 15. dxe5 Ng4 16. Re2 Ngxe5 17. Nxe5 Nxe5 18. Nd4 Raf8 19. b4 c5 20. Nc2 c4 21. Ne3 Qc6 22. Qd4 Rf4 23. Nf1 Nd3 24. f3 d5 25. Ng3 Rd8 26. Qe3 Rf7 27. exd5 exd5 28. a5 Qf6 29. Ra3 Rdd7 30. Qb6 Qxb6+ 31. axb6 Rf6 32. Re3 d4 33. Re8+ Kf7 34. Rc8 Rxb6 35. Rxc4 dxc3 36. Raxc3 Rxb4 37. Rxb4 Nxb4 38. Ne4 a5 39. g4 Nd5 40. Ra3 b6 41. Kf2 Ke6 42. h4 Ke5 43. Ra1 Kd4 44. Rd1+ Kc4 45. f4 a4 46. g5 a3 47. Nd2+ Kc3 48. Nf3 a2 49. Ne5 Ra7 50. Rc1+ Kb3 0-1

[Event "Cusco zt 2.4"]
[Site "Cusco"]
[Date "2025.02.01"]
[Round "7"]
[White "Zambrana, Oswaldo"]
[Black "Alvarado Zamora, Albert"]
[Result "1/2-1/2"]
[WhiteElo "2398"]
[BlackElo "2152"]
[PlyCount "166"]
[EventDate "2025.01.28"]
[EventType "swiss"]
[EventRounds "9"]
[EventCountry "PER"]
[SourceTitle "CB06_2025"]
[SourceDate "2025.02.05"]
[SourceVersion "1"]
[SourceVersionDate "2025.02.05"]
[SourceQuality "1"]

1. e4 g6 2. d4 Bg7 3. Nc3 d5 4. exd5 Nf6 5. Bc4 Nbd7 6. Bg5 Nb6 7. Bxf6 Bxf6 8. Bb3 0-0 9. Nge2 a5 10. a4 c6 11. dxc6 bxc6 12. 0-0 Ba6 13. Re1 Bg7 14. Qc1 Rb8 15. Qg5 Nd5 16. Rad1 e6 17. Qg3 Rb4 18. Ne4 Qe7 19. h4 h6 20. Nc5 Bxe2 21. Rxe2 Rxd4 22. Rxd4 Bxd4 23. Nxe6 fxe6 24. Qxg6+ Qg7 25. Qxe6+ Kh8 26. Bxd5 cxd5 27. c3 Ba7 28. Qxd5 Qf6 29. Qd2 Qxh4 30. b4 Rd8 31. Qe1 Rg8 32. Re6 Bb8 33. Qe4 Qxe4 34. Rxe4 Rc8 35. g3 Kg7 36. Re7+ Kf6 37. Rh7 Kg6 38. Rb7 Bc7 39. Ra7 Bd8 40. Rd7 Bf6 41. bxa5 Ra8 42. Rd5 Ra6 43. c4 Kf7 44. Kg2 Ke6 45. Rh5 Bg7 46. Rb5 Bd4 47. Rh5 Ke7 48. f4 Bc3 49. Kf3 Bxa5 50. Kg4 Bc3 51. Rb5 Rxa4 52. Kh5 Rxc4 53. Kxh6 Kf7 54. Kg5 Bb4 55. Rf5+ Kg7 56. Rd5 Rc6 57. Kg4 Be7 58. Re5 Kf7 59. Rf5+ Kg7 60. Re5 Kf7 61. Rf5+ Ke6 62. Re5+ Kd6 63. Rh5 Rc3 64. Re5 Bf6 65. Rf5 Bd4 66. Rg5 Ke6 67. Kh3 Kf6 68. Kg2 Be3 69. Re5 Rc2+ 70. Kh3 Bc5 71. Kg4 Rc3 72. Rf5+ Ke6 73. Re5+ Kd6 74. Rg5 Kc6 75. Kh5 Rf3 76. Kg4 Rf1 77. Re5 Kb5 78. Re4 Bd6 79. Kf5 Kc6 80. g4 Kd7 81. g5 Bxf4 82. Rxf4 Rxf4+ 83. Kxf4 Ke6 1/2-1/2

[Event "Colonia del Sacramento 4th"]
[Site "Colonia del Sacramento"]
[Date "2024.12.08"]
[Round "2"]
[White "Zambrana, Oswaldo"]
[Black "Larrea, Manuel"]
[Result "0-1"]
[WhiteElo "2404"]
[BlackElo "2259"]
[PlyCount "70"]
[EventDate "2024.12.07"]
[EventType "tourn"]
[EventRounds "9"]
[EventCountry "URU"]
[EventCategory "2"]
[SourceTitle "CB04_2025"]
[SourceDate "2025.01.22"]
[SourceVersion "1"]
[SourceVersionDate "2025.01.22"]
[SourceQuality "1"]

1. e4 c5 2. Nf3 Nc6 3. d4 cxd4 4. Nxd4 Nf6 5. Nc3 d6 6. Bg5 e6 7. Qd2 a6 8. 0-0-0 Bd7 9. f3 Be7 10. h4 h6 11. Be3 h5 12. Nxc6 Bxc6 13. Ne2 d5 14. e5 Nd7 15. f4 Bb5 16. Nd4 Bxf1 17. Rdxf1 g6 18. g4 hxg4 19. h5 gxh5 20. f5 Nc5 21. Rfg1 Ne4 22. Qe1 Kd7 23. Kb1 Qc7 24. Ne2 Rag8 25. Bd4 h4 26. f6 Bc5 27. Bxc5 Qxc5 28. Rxh4 Nd2+ 29. Qxd2 Rxh4 30. a3 Rh2 31. Rg3 Qc4 32. Rb3 Rxe2 33. Qa5 Rxc2 34. Qb6 Rc1+ 35. Ka2 Qc7 0-1

[Event "Colonia del Sacramento 4th"]
[Site "Colonia del Sacramento"]
[Date "2024.12.07"]
[Round "1"]
[White "Perez Candelas, Andres Eloy"]
[Black "Zambrana, Oswaldo"]
[Result "0-1"]
[WhiteElo "2247"]
[BlackElo "2404"]
[PlyCount "62"]
[EventDate "2024.12.07"]
[EventType "tourn"]
[EventRounds "9"]
[EventCountry "URU"]
[EventCategory "2"]
[SourceTitle "CB04_2025"]
[SourceDate "2025.01.22"]
[SourceVersion "1"]
[SourceVersionDate "2025.01.22"]
[SourceQuality "1"]

1. e4 c5 2. c3 d5 3. exd5 Qxd5 4. d4 g6 5. Nf3 Bg7 6. Be3 cxd4 7. cxd4 Qa5+ 8. Nc3 Nh6 9. Bc4 0-0 10. 0-0 Nf5 11. Bd2 Qd8 12. d5 Nd7 13. Re1 a6 14. a4 Nd6 15. Ba2 Nf6 16. Bf4 Re8 17. h3 Bf5 18. Nd4 Qb6 19. Nxf5 Nxf5 20. g4 Qxb2 21. Be5 Nxg4 22. Re2 Qxa1 23. Qxa1 Nxe5 24. Kh1 Rac8 25. d6 exd6 26. Nd5 Nf3 27. Nf6+ Kh8 28. Rxe8+ Rxe8 29. Qc3 N5h4 30. Nxe8 Bxc3 31. Nxd6 b6 0-1

[Event "Bolivarian Games Blitz"]
[Site "Lima"]
[Date "2024.12.03"]
[Round "3.1"]
[White "Zambrana, Oswaldo"]
[Black "Cori, Jorge Moise"]
[Result "0-1"]
[WhiteElo "2404"]
[BlackElo "2595"]
[PlyCount "122"]
[EventDate "2024.12.03"]
[EventType "team (blitz)"]
[EventRounds "5"]
[EventCountry "PER"]
[SourceTitle "CB50_2024"]
[SourceDate "2024.11.01"]
[SourceVersion "1"]
[SourceVersionDate "2024.11.01"]
[SourceQuality "2"]
[WhiteTeam "Bolivia"]
[BlackTeam "Peru"]
[WhiteTeamCountry "BOL"]
[BlackTeamCountry "PER"]

1. e4 c5 2. Nf3 Nc6 3. d4 cxd4 4. Nxd4 g6 5. Nc3 Bg7 6. Be3 Nf6 7. Bc4 0-0 8. Bb3 d6 9. f3 Qa5 10. Qd2 Nxd4 11. Bxd4 Be6 12. 0-0 Rac8 13. Qf2 Nd7 14. Bxg7 Kxg7 15. Rfe1 Qc5 16. Nd5 Qxf2+ 17. Kxf2 Bxd5 18. exd5 Kf6 19. c3 h5 20. h4 Rc7 21. Rad1 b5 22. Rd4 Ne5 23. Rf4+ Kg7 24. Rd4 a5 25. a3 Rb8 26. f4 Ng4+ 27. Kf3 Nf6 28. Rd2 Kf8 29. g3 Nd7 30. f5 gxf5 31. Kf4 b4 32. cxb4 axb4 33. a4 Nc5 34. Bc2 b3 35. Bxf5 Nxa4 36. Kg5 Nb6 37. Rf1 Kg7 38. Kxh5 Nc4 39. Rdf2 Ne3 40. Re1 Nxd5 41. Kg5 Rb5 42. Kg4 Nf6+ 43. Kh3 Rb4 44. g4 Nd5 45. Kg3 Rd4 46. Ref1 Ne3 47. Re1 Nc4 48. g5 Ne5 49. Re3 f6 50. Rxb3 fxg5 51. hxg5 Nf7 52. g6 Ne5 53. Re3 Rb4 54. b3 Rcb7 55. Be6 Kxg6 56. Rf4 Rxf4 57. Kxf4 Kf6 58. Bd5 Rb4+ 59. Kg3 e6 60. Bc4 Nxc4 61. bxc4 Rxc4 0-1

[Event "Bolivarian Games Rapid"]
[Site "Lima"]
[Date "2024.12.02"]
[Round "5.5"]
[White "Giron Chavez, David Emanuel"]
[Black "Zambrana, Oswaldo"]
[Result "1-0"]
[WhiteElo "2051"]
[BlackElo "2404"]
[PlyCount "112"]
[EventDate "2024.12.02"]
[EventType "team (rapid)"]
[EventRounds "5"]
[EventCountry "PER"]
[SourceTitle "CB50_2024"]
[SourceDate "2024.11.01"]
[SourceVersion "1"]
[SourceVersionDate "2024.11.01"]
[SourceQuality "2"]
[WhiteTeam "Guatemala"]
[BlackTeam "Bolivia"]
[WhiteTeamCountry "GUA"]
[BlackTeamCountry "BOL"]

1. Nf3 Nf6 2. g3 d5 3. Bg2 e6 4. 0-0 Bd6 5. c4 0-0 6. b3 b6 7. Bb2 Bb7 8. d3 Nbd7 9. Nbd2 c5 10. e4 Qc7 11. Qe2 dxe4 12. Nxe4 Nxe4 13. dxe4 Ne5 14. Nxe5 Bxe5 15. Bxe5 Qxe5 16. Rad1 Rfd8 17. f4 Qc3 18. e5 Bxg2 19. Kxg2 Rd4 20. Rxd4 cxd4 21. Rd1 Rd8 22. Qd2 Qxd2+ 23. Rxd2 f5 24. Kf3 Kf7 25. Ke2 h6 26. h4 Kg6 27. Kf3 Kh5 28. b4 g6 29. a4 a5 30. b5 g5 31. hxg5 hxg5 32. Rh2+ Kg6 33. Ke2 d3+ 34. Ke3 Rd7 35. Rd2 Rc7 36. Kxd3 Kh5 37. Kc3 Kg4 38. fxg5 Kxg3 39. Rd6 Re7 40. g6 f4 41. g7 Rxg7 42. Rxe6 f3 43. Rf6 Rg4 44. Kd3 Rg5 45. Ke4 f2 46. e6 Rc5 47. e7 Rxc4+ 48. Kd5 Rc8 49. Rf8 Re8 50. Rxe8 f1Q 51. Rg8+ Kh4 52. e8Q Qf5+ 53. Kd6 Qc5+ 54. Kd7 Qd5+ 55. Ke7 Qe5+ 56. Kf8 Qf6+ 1-0

[Event "Iberoamerican-ch 10th"]
[Site "Linares"]
[Date "2024.09.26"]
[Round "3"]
[White "Donate Moreno, Silvia"]
[Black "Zambrana, Oswaldo"]
[Result "0-1"]
[WhiteElo "2126"]
[BlackElo "2405"]
[PlyCount "130"]
[EventDate "2024.09.25"]
[EventType "swiss"]
[EventRounds "9"]
[EventCountry "ESP"]
[SourceTitle "EXT 2025"]
[Source "ChessBase"]
[SourceDate "2024.10.14"]
[SourceVersion "1"]
[SourceVersionDate "2024.10.14"]
[SourceQuality "1"]

1. e4 c5 2. Nf3 Nc6 3. d4 cxd4 4. Nxd4 Qb6 5. Nb3 Nf6 6. Nc3 e6 7. Be3 Qc7 8. Qe2 a6 9. 0-0-0 Bb4 10. f3 0-0 11. g4 Bxc3 12. bxc3 d5 13. g5 Nh5 14. exd5 exd5 15. Bc5 Nf4 16. Qe3 d4 17. cxd4 Rd8 18. d5 Bf5 19. d6 Qc8 20. Qxf4 Na5 21. Nd4 Bxc2 22. Nxc2 Qxc5 23. Bd3 g6 24. Qb4 Qd5 25. Kb1 Qxg5 26. f4 Qh5 27. Ka1 Nc6 28. Qxb7 Na5 29. Qe4 Qc5 30. Qe5 Qb6 31. f5 Rxd6 32. fxg6 hxg6 33. h4 Rad8 34. Qc3 Rc6 35. Qb2 Qxb2+ 36. Kxb2 Rb8+ 37. Ka1 Nc4 38. Bxc4 Rxc4 39. Ne3 Rf4 40. Rh2 Kg7 41. Nd5 Rf3 42. h5 Rh8 43. Nc7 Rxh5 44. Rxh5 gxh5 45. Nxa6 h4 46. Nc5 h3 47. Ne4 f5 48. Rg1+ Kh6 49. Ng5 Re3 50. a4 h2 51. Nf7+ Kh5 52. Rh1 Re2 53. a5 Rg2 54. Rxh2+ Rxh2 55. a6 Rg2 56. Nd6 f4 57. a7 Rg8 58. Kb2 Ra8 59. Kc3 Rxa7 60. Kd3 Ra2 61. Nf5 Kg4 62. Nd4 Kg3 63. Nf5+ Kf3 64. Nd4+ Kf2 65. Ke4 Ra4 0-1

[Event "Olympiad-45"]
[Site "Budapest"]
[Date "2024.09.14"]
[Round "4.24"]
[White "Zambrana, Oswaldo"]
[Black "Peralta, Fernando"]
[Result "0-1"]
[WhiteElo "2405"]
[BlackElo "2558"]
[PlyCount "54"]
[EventDate "2024.09.11"]
[EventType "team-swiss"]
[EventRounds "11"]
[EventCountry "HUN"]
[SourceTitle "EXT 2025"]
[Source "ChessBase"]
[SourceDate "2024.10.14"]
[SourceVersion "1"]
[SourceVersionDate "2024.10.14"]
[SourceQuality "1"]
[WhiteTeam "Bolivia"]
[BlackTeam "Argentina"]
[WhiteTeamCountry "BOL"]
[BlackTeamCountry "ARG"]

1. e4 e6 2. d4 d5 3. Nd2 c5 4. Ngf3 cxd4 5. exd5 Qxd5 6. Bc4 Qd8 7. 0-0 Nc6 8. Nb3 a6 9. Nbxd4 Nxd4 10. Nxd4 Qc7 11. Qe2 Bd6 12. Kh1 Ne7 13. Bb3 0-0 14. Nf3 b5 15. Ng5 Bb7 16. Qd3 Ng6 17. h4 Bf4 18. Rg1 Rad8 19. Qh3 Bxc1 20. Raxc1 Rd4 21. h5 Rh4 22. hxg6 Qf4 23. gxf7+ Rxf7 24. Bxe6 Qxg5 25. f3 Rxh3+ 26. Bxh3 Rxf3 27. Be6+ Rf7 0-1

[Event "Olympiad-45"]
[Site "Budapest"]
[Date "2024.09.12"]
[Round "2.30"]
[White "Zambrana, Oswaldo"]
[Black "Bjerre, Jonas Buhl"]
[Result "0-1"]
[WhiteElo "2405"]
[BlackElo "2648"]
[PlyCount "86"]
[EventDate "2024.09.11"]
[EventType "team-swiss"]
[EventRounds "11"]
[EventCountry "HUN"]
[SourceTitle "EXT 2025"]
[Source "ChessBase"]
[SourceDate "2024.10.14"]
[SourceVersion "1"]
[SourceVersionDate "2024.10.14"]
[SourceQuality "1"]
[WhiteTeam "Bolivia"]
[BlackTeam "Denmark"]
[WhiteTeamCountry "BOL"]
[BlackTeamCountry "DEN"]

1. e4 e5 2. Nf3 Nc6 3. Bc4 Bc5 4. 0-0 Nf6 5. d3 d6 6. c3 a6 7. a4 Ba7 8. Be3 Bxe3 9. fxe3 Ne7 10. Nbd2 Ng6 11. a5 0-0 12. Qe1 c6 13. Ba2 d5 14. exd5 cxd5 15. e4 Be6 16. exd5 Bxd5 17. Bc4 Re8 18. Qd1 b5 19. Bxd5 Qxd5 20. Ne4 Nxe4 21. dxe4 Qxe4 22. Qb3 Ra7 23. Rae1 Qg4 24. Kh1 Rd7 25. Nd4 Nf4 26. Qc2 f6 27. Re3 Red8 28. Rg3 Qh5 29. h3 Qf7 30. Nf5 Qc4 31. Rf2 Nd3 32. Re2 g6 33. Rg4 Nf4 34. Rf2 Kh8 35. Nh6 Qe6 36. Rg3 f5 37. Kh2 Nd3 38. Rf1 e4 39. Qd2 f4 40. Rg5 Qe7 41. h4 Rf8 42. Qe2 Qg7 43. Ng4 h6 0-1

[Event "South America-ch 2nd"]
[Site "Coliseo Miguel Grau"]
[Date "2024.08.02"]
[Round "8"]
[White "Vivas Zamora, Fabian Ernesto"]
[Black "Zambrana, Oswaldo"]
[Result "1/2-1/2"]
[WhiteElo "2386"]
[BlackElo "2408"]
[PlyCount "89"]
[EventDate "2024.07.29"]
[EventType "swiss"]
[EventRounds "9"]
[EventCountry "PER"]
[SourceTitle "EXT 2025"]
[Source "ChessBase"]
[SourceDate "2024.10.14"]
[SourceVersion "1"]
[SourceVersionDate "2024.10.14"]
[SourceQuality "1"]

1. e4 c5 2. Nf3 Nc6 3. d4 cxd4 4. Nxd4 Nf6 5. Nc3 e5 6. Ndb5 d6 7. Bg5 a6 8. Na3 b5 9. Nab1 Be7 10. Bxf6 Bxf6 11. a4 b4 12. Nd5 0-0 13. Bc4 Bg5 14. 0-0 Kh8 15. c3 Rb8 16. cxb4 Nxb4 17. Nxb4 Rxb4 18. b3 a5 19. Nc3 Be6 20. Nd5 Rb8 21. Qd3 Qc8 22. Rfb1 Qc5 23. Rb2 f5 24. Rd1 fxe4 25. Qxe4 Bf5 26. Qe2 Bg6 27. h3 Rbe8 28. Bb5 Rc8 29. Kh1 Bh4 30. Qg4 Bxf2 31. Ne7 Rcd8 32. Nxg6+ hxg6 33. Bd3 Qe3 34. Bxg6 Qh6 35. Rc2 Bd4 36. Rc4 Rf6 37. Rc8 Rdf8 38. Bd3 g6 39. Rxf8+ Qxf8 40. Rc1 Bc5 41. Kh2 Qh6 42. Rf1 Rxf1 43. Bxf1 Qf4+ 44. Qxf4 exf4 45. h4 1/2-1/2

[Event "South America-ch 2nd"]
[Site "Coliseo Miguel Grau"]
[Date "2024.08.01"]
[Round "6"]
[White "Castellanos Villela, Alejandro"]
[Black "Zambrana, Oswaldo"]
[Result "1/2-1/2"]
[WhiteElo "2203"]
[BlackElo "2408"]
[PlyCount "28"]
[EventDate "2024.07.29"]
[EventType "swiss"]
[EventRounds "9"]
[EventCountry "PER"]
[SourceTitle "EXT 2025"]
[Source "ChessBase"]
[SourceDate "2024.10.14"]
[SourceVersion "1"]
[SourceVersionDate "2024.10.14"]
[SourceQuality "1"]

1. e4 c5 2. Nf3 Nc6 3. Nc3 e6 4. d4 cxd4 5. Nxd4 Qc7 6. Be2 Nf6 7. 0-0 a6 8. Be3 Be7 9. f4 d6 10. Qe1 0-0 11. Qg3 Bd7 12. Kh1 Kh8 13. Rae1 Rac8 14. Bd3 Nb4 1/2-1/2

[Event "South America-ch 2nd"]
[Site "Coliseo Miguel Grau"]
[Date "2024.07.29"]
[Round "2"]
[White "Zambrana, Oswaldo"]
[Black "Colque Mendoza, Fabrizio Daniel"]
[Result "1-0"]
[WhiteElo "2408"]
[BlackElo "1682"]
[PlyCount "117"]
[EventDate "2024.07.29"]
[EventType "swiss"]
[EventRounds "9"]
[EventCountry "PER"]
[SourceTitle "EXT 2025"]
[Source "ChessBase"]
[SourceDate "2024.10.14"]
[SourceVersion "1"]
[SourceVersionDate "2024.10.14"]
[SourceQuality "1"]

1. e4 e5 2. Nf3 Nc6 3. Bc4 Bc5 4. 0-0 Nf6 5. d3 d6 6. c3 Be6 7. Bb5 Bb6 8. Nbd2 0-0 9. h3 Ne7 10. d4 Ng6 11. Re1 c6 12. Bf1 Qc7 13. dxe5 dxe5 14. Nc4 Rad8 15. Qc2 Bxc4 16. Bxc4 h6 17. a4 Qe7 18. a5 Bc7 19. Be3 b5 20. axb6 axb6 21. Ra7 Rd7 22. b4 Rfd8 23. Rxc7 Rxc7 24. Bxb6 Rcd7 25. Bxd8 Qxd8 26. Qa4 Qb6 27. Qa5 Qb8 28. Qa6 Qd6 29. g3 Ne8 30. Kg2 Kh7 31. Qa2 Qf6 32. Qa8 Nc7 33. Qc8 Qd6 34. Re2 Qe7 35. Rd2 Rxd2 36. Nxd2 Nf8 37. Nf3 f6 38. h4 h5 39. Nd2 g6 40. Nf1 Kg7 41. Ne3 Qd7 42. Qb7 Kh6 43. Kf1 Nd5 44. Qxd7 Nxe3+ 45. fxe3 Nxd7 46. Bf7 Nb6 47. Ke2 c5 48. bxc5 Na4 49. c6 Nxc3+ 50. Kd3 Nb5 51. Kc4 Nd6+ 52. Kd5 Nxf7 53. c7 g5 54. c8Q Kg7 55. Ke6 gxh4 56. Qd7 hxg3 57. Qxf7+ Kh6 58. Kxf6 g2 59. Qg7# 1-0

[Event "American Continental 18th"]
[Site "Medellin"]
[Date "2024.05.29"]
[Round "8"]
[White "Corrales Jimenez, Fidel"]
[Black "Zambrana, Oswaldo"]
[Result "1/2-1/2"]
[WhiteElo "2545"]
[BlackElo "2401"]
[PlyCount "100"]
[EventDate "2024.05.24"]
[EventType "swiss"]
[EventRounds "11"]
[EventCountry "COL"]
[SourceTitle "CBM 220 Extra"]
[Source "ChessBase"]
[SourceDate "2024.07.31"]
[SourceVersion "1"]
[SourceVersionDate "2024.07.31"]
[SourceQuality "1"]

1. d4 Nf6 2. c4 e6 3. Nf3 Bb4+ 4. Bd2 c5 5. Bxb4 cxb4 6. e3 b6 7. Bd3 Bb7 8. Nbd2 0-0 9. 0-0 d6 10. Re1 Nbd7 11. Nf1 e5 12. Bf5 g6 13. Bxd7 Nxd7 14. e4 Re8 15. d5 Nc5 16. a3 a5 17. axb4 axb4 18. Rxa8 Qxa8 19. Qd2 Qa4 20. Qh6 Qd7 21. h3 f6 22. N1h2 Qe7 23. Qd2 b3 24. Qe3 Ra8 25. Nd2 Ra4 26. Rc1 Ra2 27. Rb1 Ra4 28. Nxb3 Rxc4 29. Nd2 Rc2 30. Nhf3 Nd7 31. Ra1 Qd8 32. b3 Rc8 33. h4 Ra8 34. Rxa8 Bxa8 35. h5 Nf8 36. hxg6 hxg6 37. Nh4 f5 38. Qh6 fxe4 39. Nxg6 Qf6 40. Qxf8+ Qxf8 41. Nxf8 Kxf8 42. Nxe4 Bxd5 43. Nxd6 Bxb3 44. Kf1 Be6 45. Ke1 Ke7 46. Nb5 Bd5 47. g3 Bc6 48. Nc3 Kd6 49. Kd2 Kc5 50. f4 exf4 1/2-1/2

[Event "American Continental 18th"]
[Site "Medellin"]
[Date "2024.05.28"]
[Round "7"]
[White "Cadena Montoya, Gustavo Adolfo"]
[Black "Zambrana, Oswaldo"]
[Result "0-1"]
[WhiteElo "2228"]
[BlackElo "2401"]
[PlyCount "78"]
[EventDate "2024.05.24"]
[EventType "swiss"]
[EventRounds "11"]
[EventCountry "COL"]
[SourceTitle "CBM 220 Extra"]
[Source "ChessBase"]
[SourceDate "2024.07.31"]
[SourceVersion "1"]
[SourceVersionDate "2024.07.31"]
[SourceQuality "1"]

1. d4 Nf6 2. c4 e6 3. Nc3 c5 4. d5 exd5 5. cxd5 d6 6. e4 g6 7. f4 Bg7 8. Bb5+ Nfd7 9. a4 0-0 10. Nf3 Na6 11. 0-0 Nc7 12. Bd3 a6 13. f5 Ne5 14. Kh1 Nxf3 15. Qxf3 Ne8 16. Qh3 Qe7 17. Bd2 Bd7 18. Rf4 Nf6 19. Rh4 b5 20. Bg5 h5 21. Rf1 c4 22. Be2 b4 23. Nd1 Qe5 24. Qe3 Bxa4 25. Nf2 Rfe8 26. Bxc4 Qxb2 27. fxg6 fxg6 28. Nd3 Qc3 29. e5 Ng4 30. Qe4 Rf8 31. Bf4 Bb5 32. Qxg6 Qxc4 33. Qe6+ Rf7 34. Bh6 Raf8 35. h3 Qxd3 36. Rxf7 Rxf7 37. Rxg4 hxg4 38. Qxg4 Qf1+ 39. Kh2 Qf5 0-1

[Event "American Continental 18th"]
[Site "Medellin"]
[Date "2024.05.24"]
[Round "1"]
[White "Zambrana, Oswaldo"]
[Black "Uribe Valencia, Victor Alexis"]
[Result "1-0"]
[WhiteElo "2401"]
[BlackElo "1855"]
[PlyCount "89"]
[EventDate "2024.05.24"]
[EventType "swiss"]
[EventRounds "11"]
[EventCountry "COL"]
[SourceTitle "CBM 220 Extra"]
[Source "ChessBase"]
[SourceDate "2024.07.31"]
[SourceVersion "1"]
[SourceVersionDate "2024.07.31"]
[SourceQuality "1"]

1. e4 c5 2. Nf3 Nc6 3. d4 cxd4 4. Nxd4 Nf6 5. Nc3 e5 6. Ndb5 d6 7. Bg5 a6 8. Na3 b5 9. Nd5 Be7 10. Bxf6 Bxf6 11. c4 b4 12. Nc2 0-0 13. g3 Rb8 14. b3 Bg5 15. Bg2 Be6 16. 0-0 a5 17. Qd3 Ne7 18. h4 Bh6 19. Nxe7+ Qxe7 20. Rfd1 Rfd8 21. a3 g6 22. axb4 axb4 23. Ra4 Bf8 24. Rb1 Qc7 25. Rxb4 Qc5 26. Rxb8 Rxb8 27. Bf1 f5 28. b4 fxe4 29. Qxe4 Qc7 30. Ne3 Qf7 31. b5 Bh6 32. Rc1 Rc8 33. b6 d5 34. Qxe5 Bg7 35. Qf4 Qxf4 36. gxf4 dxc4 37. Bxc4 Bxc4 38. Rxc4 Rb8 39. Nd5 Kf7 40. Rc6 Bd4 41. Kg2 h6 42. h5 gxh5 43. f5 h4 44. Rc7+ Kf8 45. b7 1-0

[Event "BOL-ch"]
[Site "Oruro"]
[Date "2024.04.03"]
[Round "3"]
[White "Titichoca Daza, Daniel Henry"]
[Black "Zambrana, Oswaldo"]
[Result "0-1"]
[WhiteElo "2130"]
[BlackElo "2407"]
[PlyCount "82"]
[EventDate "2024.04.02"]
[EventType "tourn"]
[EventRounds "9"]
[EventCountry "BOL"]
[SourceTitle "CBM 219 Extra"]
[Source "ChessBase"]
[SourceDate "2024.05.31"]
[SourceVersion "1"]
[SourceVersionDate "2024.05.31"]
[SourceQuality "1"]

1. e4 c5 2. Nf3 Nc6 3. d4 cxd4 4. Nxd4 Nf6 5. Nc3 e5 6. Ndb5 d6 7. Bg5 a6 8. Na3 b5 9. Nd5 Be7 10. Bxf6 Bxf6 11. c4 b4 12. Nc2 0-0 13. Qf3 Bg5 14. h4 Bh6 15. g4 f6 16. a3 b3 17. Qxb3 Rb8 18. Qc3 Bxg4 19. Bh3 f5 20. b4 Bxh3 21. Qxh3 fxe4 22. Qg4 Kh8 23. Qxe4 Qd7 24. Rd1 Rbe8 25. Kf1 Qf7 26. Rh2 Qh5 27. Re1 Bd2 28. Re2 Bf4 29. Rh1 Ne7 30. Nc7 Rc8 31. Nxa6 Qf7 32. c5 d5 33. Qd3 e4 34. Qb3 Nf5 35. b5 e3 36. Rh3 Qh5 37. b6 Qg4 38. Rhxe3 Bxe3 39. Rxe3 Nxe3+ 40. Qxe3 Qd1+ 41. Ne1 Rce8 0-1